[Event "Dublin Easter Masters"]
[Site "Green Isle Hotel, Dublin, Irel"]
[Date "2012.04.07"]
[Round "5"]
[White "Kalai Yalahan, Akshaya"]
[Black "Creighton, Terry"]
[Result "1-0"]
[WhiteElo "1640"]
[BlackElo "1715"]
[PlyCount "141"]

1. c4 Nf6 2. Nc3 g6 3. g3 Bg7 4. Bg2 d6 5. e4 e5 6. Nge2 O-O 7. O-O Nc6 8. d3
Be6 9. h3 Rb8 10. f4 Qc8 11. Kh2 Nd4 12. Nxd4 exd4 13. Ne2 c5 14. g4 Bxg4 15.
hxg4 Nxg4+ 16. Kg1 Qd8 17. Qe1 b5 18. cxb5 Rxb5 19. Qg3 Ne3 20. Bxe3 dxe3 21.
Rab1 Rxb2 22. Rxb2 Bxb2 23. Qxe3 Qh4 24. Qh3 Qf6 25. Qg4 h5 26. Qg5 Qxg5 27.
fxg5 Rb8 28. Kh1 Be5 29. Kg1 Rb2 30. Nc1 a5 31. Bh3 a4 32. Bd7 a3 33. Be8 Bd4+
34. Kh1 Bf2 35. Bc6 Kg7 36. Bd5 h4 37. Bc4 f5 38. gxf6+ Kxf6 39. Kg2 h3+ 40.
Kxh3 Kg5 41. Kg2 Bd4+ 42. Kf3 Rb1 43. Ke2 Rb2+ 44. Kf3 Rb1 45. Rh1 Bb2 46. Rg1+
Kf6 47. Ne2 Rxg1 48. Nxg1 Kg5 49. Nh3+ Kh4 50. Nf4 g5 51. Ne6 g4+ 52. Kg2 Be5
53. Nc7 Kg5 54. Nb5 Bb2 55. Nxd6 Kf6 56. Nf5 Kg5 57. Ne7 Kf6 58. Nd5+ Kg5 59.
Ne7 Kf6 60. Nc6 Bc3 61. e5+ Bxe5 62. Nxe5 Kxe5 63. Kg3 Kf5 64. Ba6 Ke5 65. Kxg4
Kd5 66. Bc4+ Kd4 67. Kf5 Kc3 68. Ke5 Kb4 69. Kd5 Ka5 70. Kxc5 Ka4 71. d4 1-0

[Event "Dublin Easter Masters"]
[Site "Green Isle Hotel, Dublin, Irel"]
[Date "2012.04.08"]
[Round "6"]
[White "Short, Philip M"]
[Black "Morriss, Pete"]
[Result "1-0"]
[WhiteElo "2282"]
[BlackElo "2006"]
[PlyCount "57"]

1. d4 b5 2. e4 Bb7 3. Bd3 Nf6 4. Nd2 e6 5. Ngf3 a6 6. O-O c5 7. c3 d5 8. e5
Nfd7 9. Re1 Nc6 10. Nf1 Qb6 11. Be3 c4 12. Bc2 b4 13. Ng5 h6 14. Qh5 Nd8 15.
Nxf7 Nxf7 16. Bg6 Ndxe5 17. dxe5 Qc7 18. f4 bxc3 19. bxc3 Ba3 20. Rab1 O-O 21.
Bc2 Nh8 22. Qg4 Qf7 23. Ng3 Bc8 24. Nh5 Be7 25. Bd4 g6 26. Re3 Kh7 27. Rh3 Bd7
28. Rb7 Bg5 29. Qxg5 1-0

[Event "Dublin Easter Masters"]
[Site "Green Isle Hotel, Dublin, Irel"]
[Date "2012.04.08"]
[Round "6"]
[White "Goossens, Hanne"]
[Black "Rivera, Franco"]
[Result "1-0"]
[WhiteElo "2032"]
[BlackElo "1417"]
[PlyCount "43"]

1. e4 d5 2. exd5 Qxd5 3. Nc3 Qd8 4. d4 c6 5. Bf4 e6 6. Nf3 f6 7. Bd3 Bd6 8. Bg3
Ne7 9. Qe2 b5 10. Ne4 Bxg3 11. hxg3 Kf7 12. O-O-O a5 13. Nc5 g6 14. Rde1 Qd6
15. Ne4 Qd8 16. Nxf6 Nf5 17. Nxh7 Nxd4 18. Ne5+ Kg7 19. Qg4 g5 20. Qh5 Qf6 21.
Ng4 Rxh7 22. Qxh7+ 1-0

[Event "Dublin Easter Masters"]
[Site "Green Isle Hotel, Dublin, Irel"]
[Date "2012.04.08"]
[Round "6"]
[White "Masters, David J"]
[Black "Kalai Yalahan, Akshaya"]
[Result "1-0"]
[WhiteElo "2038"]
[BlackElo "1640"]
[PlyCount "77"]

1. c4 g6 2. g3 Bg7 3. Bg2 f5 4. Nc3 e5 5. e4 Ne7 6. Nge2 O-O 7. exf5 gxf5 8. f4
e4 9. d3 exd3 10. Qxd3 Nbc6 11. O-O d6 12. Be3 Be6 13. b3 Qd7 14. Rad1 Rad8 15.
Rfe1 Nb4 16. Qd2 Nec6 17. Nd4 Bf7 18. Bf3 a6 19. Nd5 Nxd5 20. cxd5 Ne7 21. Ne6
Bxe6 22. dxe6 Qc8 23. Bd4 Bxd4+ 24. Qxd4 c5 25. Qb2 d5 26. Bh5 d4 27. Bf7+ Rxf7
28. exf7+ Kxf7 29. Qe2 Nd5 30. Qh5+ Kg8 31. Re5 Qc7 32. Qxf5 Ne3 33. Rxe3 dxe3
34. Qg5+ Kf7 35. Qxd8 Qc6 36. Qd7+ Qxd7 37. Rxd7+ Ke6 38. Rxb7 e2 39. Kf2 1-0

[Event "Dublin Easter Masters"]
[Site "Green Isle Hotel, Dublin, Irel"]
[Date "2012.04.08"]
[Round "6"]
[White "Magee, Ronan"]
[Black "Annesley, Gareth"]
[Result "0-1"]
[WhiteElo "1947"]
[BlackElo "1911"]
[PlyCount "84"]

1. e4 e5 2. Nf3 Nc6 3. Bb5 Nf6 4. O-O d6 5. Re1 a6 6. Ba4 b5 7. Bb3 Be7 8. c3
O-O 9. h3 Na5 10. Bc2 c5 11. d4 Qc7 12. Nbd2 Bb7 13. dxe5 dxe5 14. Nf1 c4 15.
Qe2 Rfe8 16. Ng3 g6 17. Nh2 Rad8 18. Be3 Ba8 19. Ng4 Nxg4 20. Qxg4 Nb7 21. Nf5
Bc5 22. Nh6+ Kf8 23. Bg5 Rd6 24. Qh4 f6 25. Bc1 Nd8 26. Ng4 Kg7 27. Bh6+ Kf7
28. Bg5 h5 29. Nxf6 Ree6 30. Ng4 Kg7 31. Bxd8 Rxd8 32. Ne3 Rd2 33. Rac1 Rf6 34.
Qg3 Rfxf2 35. Qxf2 Rxf2 36. Kxf2 Qf7+ 37. Ke2 Qf4 38. Nd5 Qf2+ 39. Kd1 Qxg2 40.
Re2 Qxh3 41. Kd2 Bc6 42. Rd1 Bd7 0-1

[Event "Dublin Easter Masters"]
[Site "Green Isle Hotel, Dublin, Irel"]
[Date "2012.04.08"]
[Round "6"]
[White "Puroila, Sippo"]
[Black "Buckley, Colm"]
[Result "1/2-1/2"]
[WhiteElo "1886"]
[BlackElo "1731"]
[PlyCount "33"]

1. e4 c6 2. d4 d5 3. Nd2 dxe4 4. Nxe4 Nf6 5. Nxf6+ gxf6 6. Bf4 Bf5 7. Nf3 e6 8.
Qd2 Bd6 9. Bh6 Nd7 10. h3 Qe7 11. a3 Rg8 12. O-O-O Bxa3 13. bxa3 Qxa3+ 14. Kb1
Qb3+ 15. Kc1 Qa3+ 16. Kb1 Qb3+ 17. Kc1 1/2-1/2

[Event "Dublin Easter Masters"]
[Site "Green Isle Hotel, Dublin, Irel"]
[Date "2012.04.08"]
[Round "6"]
[White "Creighton, Terry"]
[Black "Healy, John"]
[Result "0-1"]
[WhiteElo "1715"]
[BlackElo "1840"]
[PlyCount "76"]

1. Nf3 a6 2. b3 Nf6 3. Bb2 e6 4. c4 b5 5. cxb5 axb5 6. e3 b4 7. Be2 Bb7 8. O-O
c5 9. d4 cxd4 10. Nxd4 Be7 11. Nd2 Ra5 12. Nc4 Rg5 13. Nf3 Bxf3 14. Bxf3 d5 15.
h4 Rg6 16. Ne5 Rh6 17. g3 Rg8 18. Qd3 g5 19. hxg5 Rxg5 20. Kg2 Bd6 21. Qb5+ Kf8
22. Nc4 Rhg6 23. Nxd6 Qxd6 24. g4 Nxg4 25. Bxg4 Rxg4+ 26. Kf3 Nd7 27. Rac1 e5
28. Qa5 d4 29. Qd8+ Kg7 30. Rc8 Qa6 31. Qh8+ Kh6 32. Rh1+ Kg5 33. Rc4 Qb7+ 34.
Ke2 Qxh1 35. Bc1 d3+ 36. Kd2 Rxc4 37. bxc4 Qf1 38. Qd8+ f6 0-1

[Event "Dublin Easter Masters"]
[Site "Green Isle Hotel, Dublin, Irel"]
[Date "2012.04.08"]
[Round "7"]
[White "Annesley, Gareth"]
[Black "Hauge, Lars Oskar"]
[Result "1/2-1/2"]
[WhiteElo "1911"]
[BlackElo "2087"]
[PlyCount "67"]

1. d4 Nf6 2. c4 g6 3. Nc3 Bg7 4. e4 d6 5. Nf3 O-O 6. Be2 e5 7. O-O Nc6 8. d5
Ne7 9. b4 Nh5 10. Nd2 Nf4 11. Bf3 f5 12. Nb3 g5 13. g3 Nh3+ 14. Kg2 g4 15. Be2
Nf4+ 16. gxf4 exf4 17. Bxf4 Bxc3 18. Rc1 Bb2 19. Rc2 Bg7 20. Bg5 h6 21. Bc1 Ng6
22. f4 gxf3+ 23. Bxf3 Nh4+ 24. Kh1 Nxf3 25. Rxf3 fxe4 26. Rg3 Kh7 27. Rcg2 Rf7
28. Qh5 Rf1+ 29. Rg1 Rxg1+ 30. Kxg1 Qf6 31. Bb2 Qxb2 32. Qg6+ Kh8 33. Qe8+ Kh7
34. Qg6+ 1/2-1/2

[Event "Dublin Easter Masters"]
[Site "Green Isle Hotel, Dublin, Irel"]
[Date "2012.04.08"]
[Round "7"]
[White "Mihajlov, Sebastian"]
[Black "Masters, David J"]
[Result "1-0"]
[WhiteElo "2053"]
[BlackElo "2038"]
[PlyCount "107"]

1. d4 Nf6 2. c4 e6 3. Nc3 d5 4. cxd5 exd5 5. Bg5 Be7 6. e3 c6 7. Bd3 Bg4 8.
Nge2 Nbd7 9. O-O O-O 10. Qc2 Bxe2 11. Qxe2 Ne4 12. Bxe7 Qxe7 13. Bxe4 dxe4 14.
Qc2 Rfe8 15. Rab1 Qh4 16. g3 Qg4 17. b4 a6 18. a4 Rac8 19. Qe2 Qxe2 20. Nxe2
Nb6 21. Nc3 Nd5 22. Rfc1 Nxc3 23. Rxc3 f5 24. Rc5 g6 25. Rbc1 Rb8 26. g4 fxg4
27. Rg5 Kf7 28. Rxg4 Re7 29. Rc5 Rd8 30. b5 axb5 31. axb5 Rd5 32. Rg5 Rxg5+ 33.
Rxg5 cxb5 34. Rxb5 Ke8 35. Kg2 Kd8 36. f3 exf3+ 37. Kxf3 Kc7 38. e4 b6 39. d5
Rf7+ 40. Kg4 Kb7 41. Rb3 Rf2 42. h4 Rg2+ 43. Kf4 Rh2 44. Ke5 Rxh4 45. d6 Kc6
46. Rc3+ Kd7 47. Rc7+ Kd8 48. Kd5 g5 49. e5 Rh1 50. Rg7 Rd1+ 51. Ke6 Kc8 52.
Rg8+ Kb7 53. d7 Kc7 54. Rc8+ 1-0

[Event "Dublin Easter Masters"]
[Site "Green Isle Hotel, Dublin, Irel"]
[Date "2012.04.08"]
[Round "7"]
[White "Rivera, Franco"]
[Black "Magee, Ronan"]
[Result "1/2-1/2"]
[WhiteElo "1417"]
[BlackElo "1947"]
[PlyCount "83"]

1. f4 d5 2. Nf3 Nf6 3. d3 c5 4. e3 Nc6 5. Be2 Bf5 6. O-O e6 7. Bd2 Bd6 8. a3
O-O 9. Nh4 Bg6 10. Nxg6 hxg6 11. Qc1 Re8 12. Nc3 a6 13. Kh1 d4 14. Ne4 Nxe4 15.
dxe4 Rc8 16. e5 Bb8 17. Bd3 dxe3 18. Bxe3 b5 19. Be4 Qe7 20. c3 Na5 21. Qc2 Nc4
22. Bg1 Red8 23. Rfd1 Ba7 24. a4 Rxd1 25. Rxd1 bxa4 26. Qxa4 Nxb2 27. Qxa6 Nxd1
28. Qxc8+ Kh7 29. c4 Nb2 30. Qa6 Qc7 31. Qb5 Qb8 32. Bc6 Nd3 33. Qxb8 Bxb8 34.
g3 Ba7 35. Be3 Nb4 36. Bb5 Nc2 37. Bd2 Nd4 38. Ba6 Kg8 39. Kg2 Kf8 40. Ba5 Ke7
41. Kf2 Kd7 42. Bb5+ 1/2-1/2

[Event "Dublin Easter Masters"]
[Site "Green Isle Hotel, Dublin, Irel"]
[Date "2012.04.08"]
[Round "7"]
[White "Buckley, Colm"]
[Black "Kalai Yalahan, Akshaya"]
[Result "1-0"]
[WhiteElo "1731"]
[BlackElo "1640"]
[PlyCount "65"]

1. d4 Nf6 2. c4 g6 3. Nc3 Bg7 4. e4 d6 5. f4 O-O 6. Nf3 c5 7. d5 e6 8. Be2 exd5
9. cxd5 Re8 10. e5 dxe5 11. fxe5 Ng4 12. e6 fxe6 13. d6 Ne5 14. O-O Nxf3+ 15.
Rxf3 a6 16. Be3 Nd7 17. Qd2 b5 18. Raf1 Ne5 19. Rh3 c4 20. Bh6 Qd7 21. Ne4 Rd8
22. Bxg7 Qa7+ 23. Kh1 Qxg7 24. Nf6+ Kh8 25. Rxh7+ Qxh7 26. Nxh7 Kxh7 27. Qg5
Rg8 28. Qxe5 Ra7 29. Rf3 Rgg7 30. Rf8 Ra8 31. Qg5 Rg8 32. Qe7+ Rg7 33. Qh4# 1-0

[Event "Dublin Easter Masters"]
[Site "Green Isle Hotel, Dublin, Irel"]
[Date "2012.04.08"]
[Round "7"]
[White "Creighton, Terry"]
[Black "Roneid, Heidi"]
[Result "0-1"]
[WhiteElo "1715"]
[BlackElo "1689"]
[PlyCount "112"]

1. e4 e5 2. Nf3 Nc6 3. d4 exd4 4. Nxd4 Bc5 5. Be3 Bb6 6. Nc3 Nge7 7. Be2 O-O 8.
O-O Re8 9. Nd5 Nxd5 10. Nxc6 Nxe3 11. Nxd8 Nxd1 12. Nxf7 Kxf7 13. Bc4+ Kf8 14.
Raxd1 Rxe4 15. Bd3 Rh4 16. g3 Rh6 17. Be4 c6 18. c4 d6 19. Rd3 Bh3 20. Bg2 Bg4
21. Bf3 Bf5 22. Rd2 Re6 23. Rfd1 Bc7 24. b4 Rae8 25. Kg2 Be4 26. Rd4 Bxf3+ 27.
Kxf3 Rf6+ 28. Kg2 c5 29. bxc5 dxc5 30. Rd7 Re7 31. R7d5 b6 32. R1d2 Rfe6 33.
R2d3 Re5 34. a4 Rxd5 35. cxd5 Bd6 36. f3 Re2+ 37. Kh3 Ra2 38. Re3 Rxa4 39. Re6
Bb8 40. Rc6 Ke7 41. Rc8 Bd6 42. Rg8 Be5 43. Ra8 b5 44. Rc8 Bd6 45. Rg8 Kf7 46.
Rc8 Ra6 47. Kg4 Be7 48. Rc7 Rd6 49. Rxa7 Rxd5 50. h4 b4 51. Rc7 Rd8 52. h5 Rb8
53. Kf5 b3 54. g4 b2 55. g5 b1=Q+ 56. Kg4 g6 0-1

[Event "Dublin Easter Masters"]
[Site "Green Isle Hotel, Dublin, Irel"]
[Date "2012.04.09"]
[Round "8"]
[White "Collins, Sam E"]
[Black "Gormally, Daniel W"]
[Result "1/2-1/2"]
[WhiteElo "2439"]
[BlackElo "2520"]
[PlyCount "124"]

1. e4 d6 2. d4 Nf6 3. Nc3 c6 4. f4 Qa5 5. e5 Ne4 6. Qf3 d5 7. Bd3 Na6 8. Nge2
Nb4 9. O-O Nxd3 10. cxd3 Nxc3 11. bxc3 g6 12. a4 h5 13. h3 h4 14. Ba3 Bf5 15.
Bb4 Qa6 16. Rfd1 e6 17. Bxf8 Kxf8 18. Qe3 Kg7 19. Kf2 b6 20. Qd2 c5 21. a5 Qb7
22. Ng1 Qc6 23. Nf3 c4 24. axb6 Bxd3 25. bxa7 Qb7 26. Qa2 Rhc8 27. Kg1 Rc7 28.
Qf2 Rxa7 29. Rxa7 Qxa7 30. Qxh4 Be2 31. Qf6+ Kg8 32. Qd8+ Kg7 33. Qf6+ Kg8 34.
Rb1 Rb7 35. Qd8+ Kg7 36. Qf6+ Kg8 37. Qd8+ Kg7 38. Rxb7 Qxb7 39. Qf6+ Kg8 40.
Qd8+ Kg7 41. Ng5 Bd3 42. Qf6+ Kg8 43. Qd8+ Kg7 44. Kh2 Bb1 45. Qf6+ Kg8 46.
Qd8+ Kg7 47. Kg3 Be4 48. Qf6+ Kg8 49. Qd8+ Kg7 50. h4 Bf5 51. Qf6+ Kg8 52. Qd8+
Kg7 53. Qf6+ Kg8 54. h5 gxh5 55. Kh4 Bg4 56. Qh6 Qb1 57. Nf3 Qh1+ 58. Kg3 Bxf3
59. Qg5+ Kf8 60. Qd8+ Kg7 61. Qg5+ Kf8 62. Qd8+ Kg7 1/2-1/2

[Event "Dublin Easter Masters"]
[Site "Green Isle Hotel, Dublin, Irel"]
[Date "2012.04.09"]
[Round "8"]
[White "Annesley, Gareth"]
[Black "Alfredsen, John Rune"]
[Result "0-1"]
[WhiteElo "1911"]
[BlackElo "2077"]
[PlyCount "71"]

1. d4 Nf6 2. c4 g6 3. Nc3 Bg7 4. e4 d6 5. Nf3 O-O 6. Be2 e5 7. O-O Nc6 8. d5
Ne7 9. Re1 h6 10. Bf1 Nd7 11. b4 f5 12. Nd2 f4 13. f3 g5 14. h3 Ng6 15. a4 Rf7
16. Ba3 Bf8 17. Nb3 h5 18. c5 Nf6 19. b5 g4 20. a5 gxh3 21. gxh3 Ne8 22. Kh2
Qh4 23. Ra2 Qg3+ 24. Kh1 Nh4 25. Rh2 Rg7 26. Be2 Bxh3 27. Rg1 Bg2+ 28. Rgxg2
Nxg2 29. Qg1 Ne3 30. Qxg3 fxg3 31. Rxh5 Nf6 32. Rh6 Rg5 33. Rxf6 g2+ 34. Kg1
Bg7 35. f4 Rg3 36. f5 0-1

[Event "Dublin Easter Masters"]
[Site "Green Isle Hotel, Dublin, Irel"]
[Date "2012.04.09"]
[Round "8"]
[White "Carlile, Orison"]
[Black "Rivera, Franco"]
[Result "1-0"]
[WhiteElo "2048"]
[BlackElo "1417"]
[PlyCount "67"]

1. e4 Nc6 2. d4 d5 3. Nc3 Nf6 4. e5 Ne4 5. Nxe4 dxe4 6. Bb5 Bd7 7. c4 a6 8.
Bxc6 bxc6 9. Ne2 Bg4 10. Qa4 Qd7 11. Ng3 Rd8 12. Be3 e6 13. Nxe4 Be7 14. O-O
Ra8 15. Ng3 O-O 16. h3 Bf5 17. Nxf5 exf5 18. d5 f4 19. Bxf4 Qf5 20. Bg3 cxd5
21. cxd5 Bc5 22. Rac1 Bb6 23. Rfd1 Qg5 24. Kh2 Rfc8 25. Rc6 Bxf2 26. Bxf2 Qxe5+
27. Bg3 Qxb2 28. Qc2 Qxc2 29. Rxc2 c5 30. dxc6 g6 31. c7 h5 32. Rcd2 Re8 33.
Rd8 Kf8 34. Rxa8 1-0

[Event "Dublin Easter Masters"]
[Site "Green Isle Hotel, Dublin, Irel"]
[Date "2012.04.09"]
[Round "8"]
[White "Masters, David J"]
[Black "Grebstad, Kjell Borre"]
[Result "0-1"]
[WhiteElo "2038"]
[BlackElo "1987"]
[PlyCount "180"]

1. c4 e5 2. Nc3 Nf6 3. Nf3 Nc6 4. d4 e4 5. Nd2 Bb4 6. e3 O-O 7. Be2 Bxc3 8.
bxc3 d6 9. O-O Bf5 10. f3 exf3 11. Rxf3 Qd7 12. Qf1 Bg6 13. Bd3 Rfe8 14. Bxg6
hxg6 15. Qd3 Qe7 16. Nf1 Na5 17. c5 d5 18. Ng3 Nc4 19. Rf1 Ne4 20. Nxe4 Qxe4
21. Qxe4 Rxe4 22. Rf4 Re6 23. Kf2 b6 24. cxb6 cxb6 25. Ke2 Rae8 26. Rf3 f5 27.
Kd3 b5 28. Rb1 a6 29. Ra1 Rc6 30. g4 fxg4 31. Rg3 Re4 32. Bd2 Rf6 33. Rag1 Rf2
34. R1g2 Rxg2 35. Rxg2 Kh7 36. Rf2 Nd6 37. Rf8 Re6 38. Rd8 g5 39. Be1 Nf5 40.
Bf2 Rd6 41. Rxd6 Nxd6 42. Bg3 Ne4 43. Be1 Kg6 44. Ke2 Kf5 45. Kf1 Nf6 46. Ke2
Ke4 47. Bg3 Nd7 48. Bc7 g6 49. Bd8 Kf5 50. Kd3 Nf8 51. Bc7 Nd7 52. Bd8 Nf8 53.
Bc7 Ne6 54. Bd6 Ng7 55. Be5 Nh5 56. Bc7 Nf6 57. Be5 Ne4 58. Bc7 g3 59. hxg3 Kg4
60. Be5 Kf3 61. Bc7 g4 62. Be5 Nf2+ 63. Kd2 Ke4 64. Bd6 Nd3 65. Ba3 a5 66. Bd6
Nb2 67. Ke2 Nc4 68. Bf4 Nb2 69. Bd6 Na4 70. Kd2 Kf3 71. Bf4 Nb2 72. Kc2 Nc4 73.
Kd3 g5 74. Bxg5 Kxg3 75. e4 Kf3 76. exd5 g3 77. Be3 a4 78. d6 Nxd6 79. d5 g2
80. Bg1 Nf5 81. c4 bxc4+ 82. Kxc4 Ke2 83. Kb4 Kf1 84. Bc5 Nd6 85. Bxd6 g1=Q 86.
Kxa4 Qd4+ 87. Bb4 Qxd5 88. a3 Ke2 89. Bc3 Kd3 90. Bb4 Kc4 0-1

[Event "Dublin Easter Masters"]
[Site "Green Isle Hotel, Dublin, Irel"]
[Date "2012.04.09"]
[Round "8"]
[White "Roneid, Heidi"]
[Black "Buckley, Colm"]
[Result "0-1"]
[WhiteElo "1689"]
[BlackElo "1731"]
[PlyCount "98"]

1. e4 e6 2. d4 d5 3. e5 c5 4. c3 Nc6 5. Nf3 Bd7 6. Be2 Qb6 7. O-O cxd4 8. cxd4
Nge7 9. Na3 Nf5 10. Nc2 Be7 11. a3 Rc8 12. b4 O-O 13. Bb2 a6 14. Ne3 Nxe3 15.
fxe3 Na7 16. Bd3 Bb5 17. Qe2 Rc7 18. Rac1 Rfc8 19. Rxc7 Rxc7 20. e4 Bxd3 21.
Qxd3 dxe4 22. Qxe4 a5 23. Bc1 axb4 24. axb4 Qxb4 25. Be3 Nc6 26. Qg4 Rd7 27.
Qe4 Qc4 28. Rc1 Qd5 29. Qd3 g6 30. Rd1 b5 31. Rb1 b4 32. Nd2 Nxe5 33. Qa6 Ng4
34. Qd3 Nxe3 35. Qxe3 Qxd4 36. Qxd4 Rxd4 37. Nf3 Rd5 38. Kf2 h5 39. Ke3 Bc5+
40. Ke2 Kf8 41. Ne1 Rd7 42. Nd3 Bd6 43. h3 Rb7 44. Ke3 Ke7 45. Kd4 f6 46. Kc4
f5 47. Nc1 Rc7+ 48. Kb3 Kf6 49. Nd3 Rc3+ 0-1

[Event "Dublin Easter Masters"]
[Site "Green Isle Hotel, Dublin, Irel"]
[Date "2012.04.09"]
[Round "8"]
[White "Lynch, Peter J"]
[Black "Creighton, Terry"]
[Result "1/2-1/2"]
[WhiteElo "1695"]
[BlackElo "1715"]
[PlyCount "57"]

1. e4 g6 2. f4 Bg7 3. d4 c5 4. c3 cxd4 5. cxd4 Nc6 6. Nf3 Qb6 7. e5 Nh6 8. Nc3
Nf5 9. Na4 Qa5+ 10. Bd2 Qd8 11. Bc3 Ne3 12. Qd3 Nd5 13. Qd2 d6 14. Bd3 O-O 15.
O-O a6 16. Be4 Nxc3 17. Nxc3 dxe5 18. fxe5 Nxe5 19. dxe5 Qxd2 20. Nxd2 Bxe5 21.
Rac1 f5 22. Bd5+ Kg7 23. Nc4 Bd4+ 24. Kh1 e6 25. Bf3 e5 26. Bd5 Rd8 27. Rfd1
Rb8 28. Na5 h6 29. Bb3 1/2-1/2

[Event "Dublin Easter Masters"]
[Site "Green Isle Hotel, Dublin, Irel"]
[Date "2012.09.04"]
[Round "9"]
[White "Bomans, Arno"]
[Black "Gourlay, Iain"]
[Result "1/2-1/2"]
[WhiteElo "2228"]
[BlackElo "2351"]
[PlyCount "30"]

1. d4 Nf6 2. Nc3 d5 3. Bg5 e6 4. e4 Bb4 5. Nge2 dxe4 6. a3 Be7 7. Bxf6 Bxf6 8.
Nxe4 O-O 9. g3 Qe7 10. Bg2 Rd8 11. Nxf6+ Qxf6 12. Qc1 e5 13. dxe5 Qxe5 14. Qf4
Qe7 15. Qe4 Nc6 1/2-1/2

[Event "Dublin Easter Masters"]
[Site "Green Isle Hotel, Dublin, Irel"]
[Date "2012.09.04"]
[Round "9"]
[White "Buckley, Colm"]
[Black "Carlile, Orison"]
[Result "1/2-1/2"]
[WhiteElo "1731"]
[BlackElo "2048"]
[PlyCount "43"]

1. d4 e6 2. c4 f5 3. g3 Nf6 4. Bg2 Be7 5. Nc3 O-O 6. Nf3 d6 7. O-O Ne4 8. Qc2
Nxc3 9. Qxc3 a5 10. b3 Bf6 11. Bb2 Nc6 12. Rad1 Qe8 13. Qd2 e5 14. d5 Nd8 15.
Ne1 b6 16. e3 e4 17. Bxf6 Rxf6 18. f3 exf3 19. Nxf3 Nb7 20. Nd4 Nc5 21. Rde1
Ne4 22. Bxe4 1/2-1/2

[Event "Dublin Easter Masters"]
[Site "Green Isle Hotel, Dublin, Irel"]
[Date "2012.09.04"]
[Round "9"]
[White "Korhonen, Pasi"]
[Black "Annesley, Gareth"]
[Result "1-0"]
[WhiteElo "2063"]
[BlackElo "1911"]
[PlyCount "47"]

1. e4 e5 2. Nf3 Nc6 3. Bb5 Nf6 4. O-O Be7 5. Re1 d6 6. d4 Bd7 7. c3 O-O 8. Nbd2
a6 9. Ba4 b5 10. Bb3 h6 11. h3 Re8 12. Nf1 Bf8 13. Ng3 g6 14. Nh4 Na5 15. Nxg6
Bg7 16. Nh4 Nxb3 17. axb3 exd4 18. Nhf5 dxc3 19. Nxg7 Kxg7 20. bxc3 Ng8 21. Be3
Qh4 22. Qf3 Kg6 23. Bd4 c5 24. Nf5 1-0

[Event "Dublin Easter Masters"]
[Site "Green Isle Hotel, Dublin, Irel"]
[Date "2012.09.04"]
[Round "9"]
[White "Rivera, Franco"]
[Black "Loughran, John"]
[Result "0-1"]
[WhiteElo "1417"]
[BlackElo "1899"]
[PlyCount "58"]

1. d4 d5 2. Bf4 Nf6 3. f3 e6 4. g4 c5 5. e3 Nc6 6. Bb5 Qb6 7. Bxc6+ bxc6 8. b3
cxd4 9. Qxd4 Bc5 10. Qe5 Ba6 11. Nh3 Rd8 12. c3 O-O 13. Kf2 Bd6 14. Qd4 c5 15.
Qd1 d4 16. c4 Bxf4 17. exf4 Bb7 18. Nd2 Qc6 19. Re1 Nxg4+ 20. Kg3 Ne3 21. Qb1
Rfe8 22. Ng5 f5 23. h4 Qd6 24. Qd3 e5 25. fxe5 Qxe5+ 26. f4 Qf6 27. Ndf3 h6 28.
Ne5 Rxe5 29. fxe5 Qxe5+ 0-1

[Event "Dublin Easter Masters"]
[Site "Green Isle Hotel, Dublin, Irel"]
[Date "2012.09.04"]
[Round "9"]
[White "Creighton, Terry"]
[Black "Masters, David J"]
[Result "1-0"]
[WhiteElo "1715"]
[BlackElo "2038"]
[PlyCount "73"]

1. Nf3 Nf6 2. b3 g6 3. Bb2 Bg7 4. d3 d6 5. g3 O-O 6. Bg2 Nc6 7. O-O Bd7 8. Nbd2
Qc8 9. e4 Bh3 10. Ng5 Bxg2 11. Kxg2 e5 12. h3 h6 13. Ngf3 Qe6 14. Re1 Nd7 15.
Nh4 Ne7 16. Qg4 f5 17. exf5 gxf5 18. Qc4 Nd5 19. Ndf3 N7b6 20. Qb5 Qf7 21. c4
Ne7 22. c5 a6 23. Qb4 Nc6 24. Qd2 Nd7 25. cxd6 cxd6 26. Rac1 Rac8 27. Ba3 Qf6
28. Bb2 Nc5 29. Rc4 b5 30. Rf4 Ne7 31. Nxe5 dxe5 32. Bxe5 Qc6+ 33. Kh2 Ne6 34.
Bxg7 Kxg7 35. Qb2+ Kf7 36. Nxf5 Ke8 37. Rxe6 1-0